Statistiche per SOPRANNOMI DELLE SQUADRE DI CALCIO

Clicka qui per fare il quiz!

Statistiche generali

  • Questo quiz è stato fatto 300 volte
  • Il punteggio medio è 29 su 35

Statistiche sulle risposte

SOPRANNOMESQUADRA% Corretto
I ROSSONERIMILAN
98%
LA VIOLAFIORENTINA
97%
I NERAZURRIINTER
97%
GLI AZZURRIITALIA
97%
LA VECCHIA SIGNORAJUVENTUS
95%
I PARTENOPEINAPOLI
95%
ROSANEROPALERMO
94%
LES PARISIENSPSG
94%
LA DEAATALANTA
93%
I GRANATATORINO
93%
BLAUGRANABARCELLONA
92%
I BIANCO CELESTILAZIO
92%
LA MAGGICAROMA
92%
LA SELECAOBRASILE
91%
RED DEVILSMANCHESTER UNITED
91%
GLI ORANGEOLANDA
91%
LA ALBICELESTEARGENTINA
89%
CITIZENSMANCHESTER CITY
89%
IL GRIFONEGENOA
88%
SPURSTOTTENHAM
88%
GUNNERSARSENAL
87%
BLUESCHELSEA
87%
COLCHONEROSATLETICO MADRID
86%
REDSLIVERPOOL
86%
LES BLUESFRANCIA
82%
FOXESLEICESTER
77%
HAMMERSWEST HAM
76%
MERENGUESREAL MADRID
74%
LE FURIE ROSSESPAGNA
74%
I TRE LEONIINGHILTERRA
69%
DIE ROTENBAYERN MONACO
62%
VILLANSASTON VILLA
59%
TOFFEESEVERTON
51%
SEAGULLSBRIGHTON
50%
MAGPIESNEWCASTLE
48%

Distribuzione punteggi

Percentile per numero di risposta

Percentuale di utenti per punteggio

I tuoi punteggi nel tempo

Non hai fatto questo quiz